| 000 | 00520nam a2200181 i 4500 | ||
|---|---|---|---|
| 001 | 13795 | ||
| 003 | ES-MaACL | ||
| 005 | 20230906150649.0 | ||
| 007 | t| | ||
| 008 | 980706s1988 sp |||| | spa d | ||
| 020 | _a84-404-3490-1 | ||
| 080 | _a821.134.2-14"19" | ||
| 100 | 1 |
_aAguilar Piñal, Francisco. _918744 |
|
| 245 | 1 | 0 |
_aSonetos de otoño / _cFrancisco Aguilar Piñal. |
| 260 |
_aMadrid : _bEl autor, _c1988. |
||
| 300 |
_a40 p. ; _c20 cm. |
||
| 852 |
_aES-MaACL _j2153-F-1 _z. - Dedicatoria autógrafa del autor |
||
| 999 |
_c13795 _d13795 |
||